| 000 | 00978cam a22002531 4500 | ||
|---|---|---|---|
| 001 | gs 65000262 | ||
| 003 | DLC | ||
| 005 | 20260227111417.0 | ||
| 008 | 780807s1964 nmua 000 0 eng | ||
| 010 | _ags 65000262 | ||
| 035 | _a(OCoLC)4117407 | ||
| 040 |
_aDLC _cTxEU _dDLC |
||
| 042 | _apremarc | ||
| 050 | 0 | 0 |
_aTN24.N6 _bA232 no. 85 |
| 100 | 1 | _aFoster, Roy W. | |
| 245 | 1 | 0 |
_aStratigraphy and petroleum possibilities of Catron County, New Mexico, _cbu Roy W. Foster. |
| 260 |
_aSocorro, _bState Bureau of Mines and Mineral Resources, New Mexico Institute of Mining & Technology, _c1964. |
||
| 300 |
_a55 p. _billus., 2 fold. col. maps (in pocket) _c23 cm. |
||
| 490 | 1 |
_aNew Mexico. Bureau of Mines and Mineral Resources. Bulletin _v85 |
|
| 504 | _aBibliography: p. 50-51. | ||
| 650 | 0 |
_aGeology _zNew Mexico _zCatron County. |
|
| 650 | 0 |
_aPetroleum _xGeology _zNew Mexico _zCatron County. |
|
| 830 | 0 |
_aBulletin (New Mexico. Bureau of Mines and Mineral Resources) ; _v85. |
|
| 999 |
_c30054 _d30054 |
||